000
00317nam a22001457a 4500
008
210609b ||||| |||| 00| 0 eng d
020
_a
3805516290
041
_a
eng
080
_a
617
082
_a
617
100
_a
8
101
_a
OFT
245
_a
Modern Problems in Ophthalmology
_c
S. Karger
942
_2
udc
_c
BK
999
_c
58073
_d
58073